000 00514nam a2200157 4500
001 112492
003 ES-MaACL
005 20230906185535.0
007 t|
008 061121s1973 sp r ||||1| spa d
100 1 _aOrtega Prieto, Eduardo.
_987488
245 1 3 _aLa reforma del régimen general de la Seguridad Social
_b: sistema de cotización y situaciones de incapacidad /
_cEduardo Ortega Prieto.
260 _aMadrid :
_bReus,
_c1973.
300 _a131 p. ;
_c22 cm.
852 _aES-MaACL
_jC-53871
_bR.86602
999 _c112492
_d112492